000 00977nas a2200325 4500
001 BR0807200
003 BR-BrBNA
005 20231205112216.0
007 ta
008 230509b bl.|||p| |||| 00| 00por d
040 _aBR-BrBNA
_bpor
_cBiblioteca Nacional de Agricultura
041 _a(Pt)
072 _aH20
100 1 _aFaleiro, F.G.
100 1 _aRagagnin, V.
100 1 _aSchuster, I.
100 1 _aCorrêa, R.X.
100 1 _aGod, P.I.G.
100 1 _aBrommonshenkel, S.H.
100 1 _aMoreira, M.A.
100 1 _aBarros, E.G.
245 1 _aMapeamento de genes de resistência do feijoeiro à ferrugem, Antracnose e Mancha-angular usando marcadores RAPD
650 _aFEIJÃO
650 _aDOENÇA DE PLANTA
650 _aANTRACNOSE
650 _aMANCHA ANGULAR
773 0 _tFitopatologia Brasileira (Brazil)
_xISSN 0100-4158
_g(Jan-Feb 2003), v. 28(1) p. 59-66
_wBR0807200
909 _a202311
_bLúcia
_c55
_dLúcia Elande
942 _2AGRIS
_n0
_cANA
999 _c196734
_d196734